| 000 | 00756nmc a2200277 a 4500 | ||
|---|---|---|---|
| 003 | AR-BaBNM | ||
| 005 | 20251128211429.0 | ||
| 008 | 144020s1999 ||||||||||||||000 | spa|| | ||
| 020 | _a0-582-08134-3 | ||
| 040 | _cAR-BaBNM | ||
| 100 | 1 | _aPizante, Raymond | |
| 245 | 1 | 0 | _aAlí and his camera |
| 260 |
_aEssex _bAddison Wesley Longman Limited _c1999 |
||
| 300 |
_a16 p. _bil. |
||
| 490 | 0 |
_aLongman originals _v1 |
|
| 500 | _aFalta el casete que acompaña la presente edición | ||
| 650 | 4 | _aLITERATURA INGLESA | |
| 650 | 4 | _aINGLES | |
| 650 | 4 | _aCUENTOS DE AVENTURAS | |
| 650 | 4 | _aACTIVIDADES DE APRENDIZAJE | |
| 653 | _aLITERATURA JUVENIL | ||
| 655 | _aLITERATURA | ||
| 700 | 1 |
_aMolan, Chris _eilustrador |
|
| 942 | _cBK | ||
| 998 | _cmartin | ||
| 999 |
_c19659 _d19659 |
||